[Event "Veterans Bdr 2017"]
[Site "Aubagne"]
[Date "2017.05.18"]
[Round "5"]
[White "Thiers, Jean-Jacques"]
[Black "Moerenhout, Jean Claude"]
[Result "1-0"]
[WhiteElo "1670"]
[BlackElo "1264"]
[PlyCount "73"]

1. e4 d5 2. exd5 Qxd5 3. Nc3 Qa5 4. d4 c6 5. Bc4 Nf6 6. Nf3 Bg4 7. Bd2 Qb6 8.
O-O e6 9. Be3 Qc7 10. h3 Bxf3 11. Qxf3 Be7 12. Rfe1 O-O 13. Bg5 Nbd7 14. Rad1
Bb4 15. a3 Ba5 16. b4 Bb6 17. Ne4 Qd8 18. c3 Bc7 19. Bd3 a6 20. Nxf6+ Nxf6 21.
Re4 Bd6 22. Rh4 Be7 23. Bxf6 g6 24. Bxe7 Qxe7 25. Rf4 Rad8 26. Re4 Rd5 27. Rde1
Rf5 28. Qg3 Qf6 29. R1e2 Rd8 30. Qh4 Qxh4 31. Rxh4 Rg5 32. Rhe4 Kg7 33. Re5
Rxe5 34. Rxe5 Rd5 35. Rxd5 cxd5 36. a4 Kf6 37. f4 1-0

[Event "Veterans Bdr 2017"]
[Site "Aubagne"]
[Date "2017.05.18"]
[Round "5"]
[White "Graells, Christian"]
[Black "Derien, Robert"]
[Result "1-0"]
[WhiteElo "1584"]
[BlackElo "1605"]
[PlyCount "81"]

1. e4 d5 2. exd5 Nf6 3. Nc3 Nxd5 4. Qf3 c6 5. Bc4 e6 6. a3 Be7 7. Nge2 O-O 8.
O-O Nd7 9. d4 c5 10. Qg3 cxd4 11. Nxd4 Bf6 12. Nce2 a6 13. c3 Ne5 14. Bb3 Ng6
15. Nf3 Re8 16. Rd1 Qe7 17. Bg5 Bd7 18. Ned4 Bc6 19. Nxc6 bxc6 20. Bc2 Rab8 21.
Rab1 e5 22. Re1 Bxg5 23. Nxg5 h6 24. Nxf7 Qxf7 25. Bxg6 Qf6 26. Bxe8 Rxe8 27.
Re4 g5 28. Rbe1 Nf4 29. Qe3 Nd5 30. Qc5 Re6 31. c4 Nf4 32. Qe3 Ng6 33. c5 Qf5
34. Qb3 a5 35. f3 h5 36. Rd1 Kg7 37. Qb7+ Kh6 38. Rd7 g4 39. Rh7+ Kg5 40. Qg7
gxf3 41. h4# 1-0

[Event "Veterans Bdr 2017"]
[Site "Aubagne"]
[Date "2017.05.18"]
[Round "5"]
[White "Rouaud, Robert"]
[Black "Cavanihac, Claude"]
[Result "0-1"]
[WhiteElo "1378"]
[BlackElo "1493"]
[PlyCount "134"]

1. e4 e5 2. Nf3 Nc6 3. Bc4 Be7 4. d3 Nf6 5. h3 d6 6. Nc3 Na5 7. Bb3 Nxb3 8.
axb3 h6 9. Be3 b6 10. Nb5 Bd7 11. Nc3 c6 12. Nh4 Nxe4 13. Nxe4 d5 14. Nf3 dxe4
15. Nxe5 Bf6 16. Nxd7 Qxd7 17. Ra4 exd3 18. Qxd3 Qe6 19. O-O O-O 20. Qc4 Qd7
21. c3 c5 22. Raa1 a5 23. Rad1 Qc6 24. Rd2 Rad8 25. Rfd1 Rxd2 26. Rxd2 Rd8 27.
Rxd8+ Bxd8 28. Kf1 Bc7 29. Qd3 b5 30. f3 Bb6 31. Ke2 c4 32. bxc4 bxc4 33. Qe4
Qb5 34. Bc1 Bg1 35. Kd1 a4 36. Qe2 Bh2 37. Qf2 Bd6 38. Qd2 Be7 39. Qe2 Bf6 40.
g3 Qd7+ 41. Bd2 Qxh3 42. Qe8+ Kh7 43. Qe4+ g6 44. Qxc4 Kg7 45. Qg4 Qf1+ 46. Kc2
Qa1 47. Qb4 g5 48. Qa3 Qf1 49. f4 Qc4 50. fxg5 hxg5 51. Qb4 Qc6 52. Qg4 Qb5 53.
Qb4 Qf5+ 54. Kc1 Qf1+ 55. Kc2 Qf3 56. Qxa4 Qxg3 57. Qe4 Be5 58. b4 f6 59. b5
Qf2 60. c4 Qc5 61. Qb7+ Kg6 62. Qe4+ f5 63. Qc6+ Qxc6 64. bxc6 Bc7 65. Kd3 g4
66. Ke2 f4 67. Kf2 Kf5 0-1

[Event "Veterans Bdr 2017"]
[Site "Aubagne"]
[Date "2017.05.18"]
[Round "5"]
[White "Amoros, Jean"]
[Black "Roman, Sylvian"]
[Result "1/2-1/2"]
[WhiteElo "1476"]
[BlackElo "1361"]
[PlyCount "23"]

1. e4 e5 2. Nf3 Nc6 3. Bc4 Bc5 4. O-O Nf6 5. d4 Bxd4 6. Nxd4 Nxd4 7. f4 Nc6 8.
fxe5 Nxe5 9. Bg5 Nxc4 10. Qd4 Qe7 11. Qxc4 Qxe4 12. Qxc7 1/2-1/2

[Event "Veterans Bdr 2017"]
[Site "Aubagne"]
[Date "2017.05.18"]
[Round "5"]
[White "Lassalle, Marc"]
[Black "Souesme, Gerard"]
[Result "1-0"]
[WhiteElo "1404"]
[BlackElo "1361"]
[PlyCount "91"]

1. d4 Nf6 2. Bf4 c5 3. c3 e6 4. e3 d5 5. Nd2 Bd7 6. dxc5 Bxc5 7. b4 Be7 8. a4
Nc6 9. a5 a6 10. Ngf3 O-O 11. Bd3 Rc8 12. Qc2 h6 13. h4 Nxb4 14. Qb1 Nxd3+ 15.
Qxd3 Bb5 16. Qc2 Bb4 17. Be5 Bxa5 18. Nb3 Bc7 19. Bd4 Ne4 20. Nc5 Nxc5 21. Bxc5
Bd6 22. Bd4 Re8 23. e4 e5 24. Be3 d4 25. Bd2 dxc3 26. Be3 Bb4 27. Rd1 Qe7 28.
Rd5 Bd6 29. g4 Bc6 30. Ra5 Qc7 31. Ra1 Qe7 32. g5 hxg5 33. hxg5 Bc5 34. g6 Bxe3
35. fxe3 fxg6 36. Qh2 Kf7 37. Rg1 Qc5 38. Ng5+ Ke7 39. Kf2 Rf8+ 40. Nf3 Bxe4
41. Qh4+ Rf6 42. Qxe4 Rcc6 43. Kg2 Rfe6 44. Qh4+ Kd7 45. Rad1+ Kc7 46. Qd8# 1-0

[Event "Veterans Bdr 2017"]
[Site "Aubagne"]
[Date "2017.05.18"]
[Round "5"]
[White "Porte, Jacques"]
[Black "Hidreau, Olivier"]
[Result "0-1"]
[WhiteElo "1338"]
[BlackElo "1396"]
[PlyCount "68"]

1. d4 Nf6 2. Nf3 d5 3. e3 Bg4 4. Bd3 Nc6 5. Nbd2 Nb4 6. Be2 Bf5 7. Bb5+ c6 8.
Ba4 Qa5 9. Bb3 Ne4 10. O-O Nf6 11. Re1 e6 12. Ne5 Qc7 13. Ndf3 h6 14. c3 Na6
15. Bc2 Bxc2 16. Qxc2 O-O-O 17. b4 Nb8 18. a4 Bd6 19. Ba3 Ne4 20. b5 c5 21. c4
Rhf8 22. cxd5 exd5 23. Rec1 c4 24. Bxd6 Rxd6 25. Nd2 f5 26. f3 Nxd2 27. Qxd2 b6
28. Ra3 Kb7 29. Nd3 Qe7 30. Nb4 Rc8 31. Rac3 a6 32. Nd3 a5 33. Ne5 Qe8 34. Rb1
Re6 0-1

[Event "Veterans Bdr 2017"]
[Site "Aubagne"]
[Date "2017.05.18"]
[Round "5"]
[White "Betry, Bernard"]
[Black "Vicari-Vento, Salvatore"]
[Result "0-1"]
[WhiteElo "1399"]
[BlackElo "1441"]
[PlyCount "86"]

1. Nf3 Nf6 2. d4 d6 3. g3 g6 4. Bg2 Bg7 5. O-O O-O 6. Nbd2 Nbd7 7. e4 a5 8. c4
Rb8 9. b3 b6 10. Bb2 Bb7 11. Re1 e5 12. d5 Nc5 13. Qc2 c6 14. h3 cxd5 15. cxd5
Rc8 16. Bc3 b5 17. a3 Ncd7 18. Qd3 Qb6 19. b4 a4 20. Rac1 Rb8 21. Bf1 Bc8 22.
Qxb5 Qxb5 23. Bxb5 Rxb5 24. Nc4 Ne8 25. Bd2 Ndf6 26. Bg5 Bxh3 27. Bxf6 Bxf6 28.
Kh2 Bg4 29. Nfd2 Rb7 30. f3 Bd7 31. Na5 Rc7 32. Nc6 Bg5 33. Ne7+ Bxe7 34. Rxc7
Nxc7 35. Nc4 f5 36. Nb6 Bb5 37. Rc1 Na8 38. Nc8 Re8 39. Nxe7+ Rxe7 40. Rc8+ Re8
41. Rxe8+ Bxe8 42. Kg2 Nb6 43. Kf2 Nc4 0-1

[Event "Veterans Bdr 2017"]
[Site "Aubagne"]
[Date "2017.05.18"]
[Round "5"]
[White "Pietrac, Christian"]
[Black "Ulloa, Philippe"]
[Result "0-1"]
[WhiteElo "1265"]
[BlackElo "1321"]
[PlyCount "130"]

1. Nf3 d5 2. g3 c5 3. Bg2 Nc6 4. O-O Nf6 5. d3 h6 6. Re1 e5 7. Nbd2 Bd6 8. e4
d4 9. c3 b5 10. a4 b4 11. Nc4 Bc7 12. Bd2 Be6 13. cxb4 Bxc4 14. bxc5 Bxd3 15.
Nh4 Bc4 16. Qc2 Be6 17. Qd3 O-O 18. b4 Rb8 19. Reb1 Nd7 20. Nf5 Ne7 21. a5 Re8
22. Qc2 Ng6 23. c6 Ndf8 24. Qc5 a6 25. Rb2 Bc8 26. Rab1 Rb5 27. Qc1 Re6 28. Bf1
Rb8 29. b5 axb5 30. Bxb5 Bxa5 31. Ba4 Rxb2 32. Rxb2 Bc7 33. Qc5 Rf6 34. Qc2 d3
35. Qc4 Bxf5 36. exf5 Rxf5 37. Qe4 Rf6 38. Bb5 Ne6 39. Qe3 Bb6 40. Qxd3 Qxd3
41. Bxd3 Rxf2 42. Rxb6 Rxd2 43. Rb8+ Ngf8 44. Bf1 Rc2 45. Rb6 Rc1 46. Kg2 g6
47. Kf2 Nd8 48. Bg2 Nfe6 49. Rb8 Kg7 50. Rc8 f5 51. Bd5 Kf6 52. Ke2 Rc5 53. c7
Nd4+ 54. Kd3 N8c6 55. Rf8+ Kg5 56. c8=Q Nb4+ 57. Kd2 Rxc8 58. Rxc8 Nxd5 59. Re8
Nf3+ 60. Ke2 e4 61. h4+ Kh5 62. Rd8 Nf6 63. Ke3 Ng4+ 64. Kf4 Nfe5 65. Rg8 Nd3#
0-1

[Event "Veterans Bdr 2017"]
[Site "Aubagne"]
[Date "2017.05.18"]
[Round "5"]
[White "Kauder, Wilfried"]
[Black "Lupinacci, Patrick"]
[Result "0-1"]
[WhiteElo "1195"]
[BlackElo "1460"]
[PlyCount "66"]

1. e4 c5 2. Nf3 d6 3. d4 cxd4 4. Nxd4 Nf6 5. Nc3 e6 6. Bd3 a6 7. O-O Be7 8. Be3
O-O 9. a3 Bd7 10. b4 b5 11. a4 Qc8 12. Ra3 d5 13. axb5 Bxb4 14. Nc6 Bxc6 15.
bxc6 Bxa3 16. exd5 exd5 17. Qa1 Be7 18. Bd4 Nxc6 19. Bxf6 Bxf6 20. Qa3 Bxc3 21.
Qxc3 d4 22. Qc5 Re8 23. Qh5 g6 24. Qh6 Qc7 25. f4 Qe7 26. f5 Qe3+ 27. Qxe3 dxe3
28. fxg6 hxg6 29. Bc4 Ne5 30. Bd5 Ra7 31. c4 Nd3 32. Bxf7+ Rxf7 33. Rxf7 Kxf7
0-1

[Event "Veterans Bdr 2017"]
[Site "Aubagne"]
[Date "2017.05.11"]
[Round "5"]
[White "Boudet, Nicole"]
[Black "Belaid, Myriam"]
[Result "1-0"]
[WhiteElo "1130"]
[BlackElo "1030"]
[PlyCount "85"]

1. e4 e5 2. Nf3 Nc6 3. d4 d6 4. Nc3 Nf6 5. Bg5 d5 6. Nxd5 Be7 7. Bxf6 Bxf6 8.
Bc4 O-O 9. O-O exd4 10. Re1 Bg4 11. h3 Bxf3 12. Qxf3 Ne5 13. Qb3 c6 14. Nxf6+
Qxf6 15. Qxb7 Rac8 16. Qb3 Nxc4 17. Qxc4 Rfe8 18. Rad1 Re6 19. Qc5 d3 20. cxd3
Re5 21. Qxa7 Re7 22. Qb6 Re5 23. a4 h5 24. d4 Re6 25. a5 Rce8 26. f3 g5 27. Qc5
g4 28. Qxh5 Kf8 29. Qxg4 c5 30. dxc5 Ra8 31. b4 Rb8 32. Qg3 Rxb4 33. Rd8+ Qxd8
34. a6 Rxa6 35. h4 Ra5 36. h5 Rxc5 37. h6 Rc2 38. Qg7+ Ke7 39. h7 Qd2 40. h8=Q
Qxe1+ 41. Kh2 Rb1 42. Qf6+ Kd7 43. Qhd8# 1-0

[Event "Veterans Bdr 2017"]
[Site "Aubagne"]
[Date "2017.05.18"]
[Round "6"]
[White "Paravagna, Alain"]
[Black "Pierrugues, Laurent"]
[Result "1/2-1/2"]
[WhiteElo "1864"]
[BlackElo "1738"]
[PlyCount "80"]
[EventDate "2017.??.??"]

1. d4 Nf6 2. Nf3 e6 3. Bf4 Be7 4. e3 O-O 5. Bd3 b6 6. O-O Bb7 7. h3 d5 8. Nbd2
Nbd7 9. Re1 c5 10. c3 Rc8 11. Ne5 Nxe5 12. dxe5 Ne4 13. Qc2 Nxd2 14. Qxd2 h6
15. Qe2 Bg5 16. Qg4 Qe7 17. h4 Bxf4 18. exf4 d4 19. cxd4 cxd4 20. f5 exf5 21.
Qxf5 g6 22. Qf4 Rc5 23. Re2 Kg7 24. Rae1 Bd5 25. b4 Rcc8 26. Qxd4 Qe6 27. Bb1
Rc4 28. Qd2 Bxg2 29. Be4 Bxe4 30. Rxe4 Rfc8 31. Qf4 Rc2 32. Rd4 Rxa2 33. Re3
Ra1+ 34. Kh2 Rcc1 35. Qf3 Rh1+ 36. Qxh1 Rxh1+ 37. Kxh1 Qf5 38. Kg2 h5 39. Kg3
Qe6 40. Rf4 Qd5 1/2-1/2

[Event "Veterans Bdr 2017"]
[Site "Aubagne"]
[Date "2017.05.18"]
[Round "6"]
[White "Kleitz, Michel"]
[Black "Thiers, Jean-Jacques"]
[Result "1-0"]
[WhiteElo "1766"]
[BlackElo "1670"]
[PlyCount "141"]
[EventDate "2017.??.??"]

1. d4 d5 2. c4 e6 3. Nc3 Nf6 4. Nf3 c6 5. e3 Be7 6. Bd3 Nbd7 7. O-O O-O 8. b3
Re8 9. Bb2 Bf8 10. Qc2 g6 11. Rfe1 Bg7 12. Ne5 Qc7 13. f4 Nxe5 14. fxe5 Ng4 15.
Qe2 f5 16. h3 Nh6 17. Rac1 Qe7 18. Qf2 Bd7 19. Ne2 Rf8 20. g3 b5 21. cxb5 cxb5
22. Rc7 Qd8 23. Rec1 a6 24. Qe1 Rc8 25. Qc3 Rxc7 26. Qxc7 a5 27. Qxd8 Rxd8 28.
Rc7 a4 29. Rb7 axb3 30. axb3 Nf7 31. Bxb5 Bxb5 32. Rxb5 Bh6 33. Nf4 Bxf4 34.
exf4 Rd7 35. Ba3 Nd8 36. Kf2 Kf7 37. Ke3 Rb7 38. Rxb7+ Nxb7 39. b4 Ke8 40. Kd3
Kd7 41. b5 Na5 42. Ke2 Nc4 43. Bc5 Kc8 44. g4 Kb7 45. gxf5 gxf5 46. Kf3 Nb2 47.
Kg3 Nd3 48. Kf3 Nb2 49. Ba3 Nc4 50. Bc1 Kb6 51. Kg3 Kxb5 52. Kh4 Nb6 53. Kg5
Kc4 54. Be3 Kd3 55. Bg1 Ke4 56. Kf6 Nc4 57. Kxe6 Kxf4 58. Kxd5 Ne3+ 59. Kd6 Ke4
60. e6 Nc4+ 61. Kc7 Kd5 62. e7 Nd6 63. Kd7 Ne4 64. e8=Q Nf6+ 65. Ke7 Nxe8 66.
Kxe8 f4 67. Ke7 f3 68. Bf2 Ke4 69. h4 Kd3 70. d5 Ke2 71. Ba7 1-0

[Event "Veterans Bdr 2017"]
[Site "Aubagne"]
[Date "2017.05.18"]
[Round "6"]
[White "Hidreau, Olivier"]
[Black "Battaglia, Gerard"]
[Result "0-1"]
[WhiteElo "1396"]
[BlackElo "1736"]
[PlyCount "96"]
[EventDate "2017.??.??"]

1. e4 e6 2. d4 d5 3. Nc3 Nf6 4. e5 Ne4 5. Nxe4 dxe4 6. Bf4 Be7 7. c3 O-O 8. Qg4
f5 9. exf6 Bxf6 10. Be5 Qd5 11. Bxf6 Rxf6 12. Qd1 Nc6 13. Ne2 Qf5 14. Kd2 Qxf2
15. Kc2 Bd7 16. Qe1 Raf8 17. Qxf2 Rxf2 18. Re1 Ne7 19. b3 Nd5 20. Kb1 Bc6 21.
c4 Ne3 22. Ng3 Nxg2 23. Re2 Rxe2 24. Nxe2 Nh4 25. Bh3 Nf5 26. Rf1 g6 27. Kb2 b5
28. Rc1 Ng7 29. Rc2 bxc4 30. bxc4 e3 31. d5 exd5 32. cxd5 Bxd5 33. Rxc7 Bf3 34.
Nd4 Bd1 35. Re7 e2 36. Nxe2 Rf2 37. Bg4 h5 38. Be6+ Nxe6 39. Rxe6 Rxe2+ 40.
Rxe2 Bxe2 41. Kc3 Kf7 42. Kd4 Ke7 43. Ke4 g5 44. a3 Bb5 45. Kf3 Kf6 46. h3 Bc6+
47. Kg3 h4+ 48. Kf2 Kf5 0-1

[Event "Veterans Bdr 2017"]
[Site "Aubagne"]
[Date "2017.05.18"]
[Round "6"]
[White "Turpin, Isabelle"]
[Black "Quet, Jean-Francois"]
[Result "0-1"]
[WhiteElo "1152"]
[BlackElo "1656"]
[PlyCount "20"]
[EventDate "2017.??.??"]

1. d4 Nf6 2. c4 e6 3. Bd2 Ne4 4. Bf4 Bb4+ 5. Nd2 g5 6. Be3 f5 7. f4 gxf4 8.
Ngf3 fxe3 9. Qc2 exd2+ 10. Kd1 Nf2# 0-1

[Event "Veterans Bdr 2017"]
[Site "Aubagne"]
[Date "2017.12.18"]
[Round "6"]
[White "Cavanihac, Claude"]
[Black "Graells, Christian"]
[Result "1-0"]
[WhiteElo "1493"]
[BlackElo "1584"]
[PlyCount "115"]
[EventDate "2017.??.??"]

1. d4 Nf6 2. c4 e6 3. Nc3 Be7 4. e4 d6 5. Bd3 e5 6. Nge2 Bg4 7. f3 Bh5 8. Qb3
b6 9. Be3 Nbd7 10. Rd1 O-O 11. O-O c6 12. dxe5 Nxe5 13. Bc2 Qc7 14. h3 Ned7 15.
g4 Bg6 16. f4 h6 17. f5 Bh7 18. a4 a5 19. Rd2 Nc5 20. Qa2 Rfe8 21. Bf4 Bf8 22.
Ng3 Rad8 23. Rfd1 g5 24. Be3 d5 25. Bf2 Bd6 26. Kg2 Bf4 27. Re2 d4 28. Rxd4
Ncd7 29. Nf1 Ne5 30. Rxd8 Rxd8 31. Bg3 Bxg3 32. Nxg3 Kg7 33. b3 Bg8 34. Qb1
Nfd7 35. Nh5+ Kh7 36. f6 Nf8 37. Qf1 Nfg6 38. Qf5 Kh8 39. Kf1 Nh4 40. Qf2 Bh7
41. Nd1 Nhf3 42. Ne3 Rd4 43. Nf5 Bxf5 44. exf5 Qd6 45. Ng3 Nd2+ 46. Kg2 c5 47.
Qe3 Qc6+ 48. Be4 Nxe4 49. Nxe4 Nd3 50. Kf1 Nf4 51. Re1 Rd3 52. Qf2 Nxh3 53. Qh2
Rxb3 54. Qb8+ Kh7 55. Qf8 Rf3+ 56. Kg2 Rf2+ 57. Kxh3 Rf3+ 58. Kg2 1-0

[Event "Veterans Bdr 2017"]
[Site "Aubagne"]
[Date "2017.05.18"]
[Round "6"]
[White "Roman, Sylvian"]
[Black "Lassalle, Marc"]
[Result "1-0"]
[WhiteElo "1361"]
[BlackElo "1404"]
[PlyCount "55"]
[EventDate "2017.??.??"]

1. e4 d6 2. d4 Nf6 3. Nc3 g6 4. Nf3 Bg7 5. Be2 O-O 6. h3 c6 7. Bf4 d5 8. e5 Ne4
9. Nxe4 dxe4 10. Ng5 f5 11. Bc4+ e6 12. Bxe6+ Kh8 13. Nf7+ Rxf7 14. Bxf7 Qe7
15. Bb3 b5 16. Qd2 a5 17. a4 Bb7 18. O-O b4 19. Rfd1 Nd7 20. Bg5 Qe8 21. Bc4
Nb6 22. Qe2 h6 23. Bf6 Nd7 24. Qe3 g5 25. Bxg5 hxg5 26. Qxg5 Kh7 27. Qxf5+ Kh6
28. Bf7 1-0

[Event "Veterans Bdr 2017"]
[Site "Aubagne"]
[Date "2017.05.18"]
[Round "6"]
[White "Derien, Robert"]
[Black "Vicari-Vento, Salvatore"]
[Result "1-0"]
[WhiteElo "1605"]
[BlackElo "1441"]
[PlyCount "80"]
[EventDate "2017.??.??"]

1. e4 c5 2. Nf3 d6 3. c3 Nf6 4. Bb5+ Bd7 5. Bxd7+ Nbxd7 6. Qe2 e5 7. O-O Be7 8.
d4 O-O 9. d5 a6 10. a4 h6 11. Nh4 Nxe4 12. Nf5 Ng5 13. f4 Nh7 14. fxe5 Nxe5 15.
Nd2 Re8 16. Ne4 Bf8 17. Nfg3 Ng6 18. Qg4 Ne5 19. Qf4 Qd7 20. Nh5 Nd3 21. Qg3
Rxe4 22. Qxd3 f5 23. Qg3 Qf7 24. Nf4 Ng5 25. h4 Nh7 26. Ne6 Rg4 27. Qf3 g6 28.
Bd2 Rxh4 29. Rae1 Re8 30. b3 Bg7 31. Nxg7 Rxe1 32. Rxe1 Kxg7 33. c4 Kf8 34. Qg3
Qf6 35. Bc3 f4 36. Bxf6 fxg3 37. Bxh4 g5 38. Bxg3 Nf6 39. Bxd6+ Kf7 40. Bxc5
Nd7 1-0

[Event "Veterans Bdr 2017"]
[Site "Aubagne"]
[Date "2017.05.18"]
[Round "6"]
[White "Ulloa, Philippe"]
[Black "Amoros, Jean"]
[Result "0-1"]
[WhiteElo "1321"]
[BlackElo "1476"]
[PlyCount "105"]
[EventDate "2017.??.??"]

1. d4 Nf6 2. c4 c5 3. d5 g6 4. Nc3 Bg7 5. e4 O-O 6. Bf4 d6 7. h3 Qa5 8. Bd3 Nh5
9. Bd2 Qd8 10. Nf3 Bd7 11. Qc1 a6 12. Bh6 Qe8 13. O-O b5 14. b3 b4 15. Bxg7
Kxg7 16. Ne2 a5 17. Nf4 Nxf4 18. Qxf4 f6 19. Qg3 Na6 20. Rfe1 Nc7 21. Be2 Rh8
22. Nh2 Qf7 23. Bg4 Bxg4 24. Nxg4 h5 25. Ne3 h4 26. Qg4 Rag8 27. Nf5+ Kf8 28.
Nxh4 f5 29. exf5 gxf5 30. Qf4 Rh5 31. Re3 Qf6 32. Nxf5 Rxf5 33. Qe4 Qxa1+ 34.
Re1 Qf6 35. Qe3 Re5 36. Qd2 Rh5 37. Re3 Qa1+ 38. Kh2 Qg7 39. Rf3+ Ke8 40. Rg3
Qe5 41. f4 Qh8 42. Re3 Rf5 43. Re4 Rgf8 44. Qe2 R8f7 45. Qg4 Qf8 46. Qg6 Kd8
47. g3 Rg7 48. Qh6 Qf7 49. Qh4 Rh5 50. Rxe7 Qxe7 51. Qxh5 Ne8 52. Qf3 Qe1 53.
g4 0-1

[Event "Veterans Bdr 2017"]
[Site "Aubagne"]
[Date "2017.05.18"]
[Round "6"]
[White "Moerenhout, Jean Claude"]
[Black "Lupinacci, Patrick"]
[Result "0-1"]
[WhiteElo "1264"]
[BlackElo "1460"]
[PlyCount "62"]
[EventDate "2017.??.??"]

1. d4 Nf6 2. Nf3 e6 3. h3 d5 4. Bf4 c5 5. c3 Be7 6. e3 Qb6 7. Qc1 Nc6 8. Bd3
Bd7 9. Nbd2 cxd4 10. exd4 Rc8 11. O-O Nb4 12. Be2 O-O 13. Ne5 Nc6 14. Ndf3 Nxe5
15. Bxe5 Bb5 16. Bxb5 Qxb5 17. Rb1 Ne4 18. Qf4 Qb6 19. Qg4 f6 20. Bf4 f5 21.
Ne5 fxg4 22. Nd7 Rxf4 23. Nxb6 axb6 24. Rbd1 gxh3 25. g3 Rf6 26. Kh2 Rxf2+ 27.
Kxh3 Rxf1 28. Rxf1 Bd6 29. g4 h6 30. Kh4 g5+ 31. Kh3 Bf4 0-1

[Event "Veterans Bdr 2017"]
[Site "Aubagne"]
[Date "2017.05.18"]
[Round "6"]
[White "Masson, Wally"]
[Black "Rouaud, Robert"]
[Result "1-0"]
[WhiteElo "1199"]
[BlackElo "1378"]
[PlyCount "121"]
[EventDate "2017.??.??"]

1. e4 e5 2. Nf3 d6 3. Bc4 h6 4. O-O Nf6 5. Nc3 Be7 6. d4 exd4 7. Nxd4 Bd7 8.
Re1 O-O 9. e5 dxe5 10. Rxe5 Nc6 11. Nxc6 Bxc6 12. Bf4 Qxd1+ 13. Rxd1 Bd6 14.
Rf5 Bd7 15. Bxd6 Bxf5 16. Bxf8 Kxf8 17. Bd3 Bxd3 18. Rxd3 Re8 19. Kf1 a6 20.
Nd5 Nxd5 21. Rxd5 f6 22. Rd7 Re7 23. Rd8+ Kf7 24. Rd2 Ke8 25. c4 Rd7 26. Re2+
Kd8 27. c5 Rd5 28. b4 Kd7 29. Re3 b6 30. cxb6 cxb6 31. Rg3 Rg5 32. Rd3+ Kc6 33.
a4 Rd5 34. Rc3+ Kd7 35. Rg3 Rg5 36. Ra3 Rd5 37. b5 axb5 38. axb5 Rxb5 39. Ra7+
Ke6 40. Rxg7 Rd5 41. Rb7 b5 42. g3 Kf5 43. f3 Ke6 44. h4 h5 45. g4 Rc5 46. Ke2
Kd6 47. Ke3 Kc6 48. Rb8 Kc7 49. Rf8 hxg4 50. fxg4 b4 51. Rxf6 b3 52. Rf2 Rc2
53. Rxc2+ bxc2 54. Kd2 Kd6 55. Kxc2 Ke5 56. g5 Kf5 57. Kd3 Kg6 58. Ke3 Kh5 59.
Kf4 Kxh4 60. Kf5 Kh5 61. Kf6 1-0

[Event "Veterans Bdr 2017"]
[Site "Aubagne"]
[Date "2017.05.18"]
[Round "6"]
[White "Souesme, Gerard"]
[Black "Porte, Jacques"]
[Result "1-0"]
[WhiteElo "1361"]
[BlackElo "1338"]
[PlyCount "119"]
[EventDate "2017.??.??"]

1. e4 c5 2. Nc3 d6 3. d3 Nc6 4. f4 g6 5. Nf3 Bg7 6. Be2 e6 7. O-O Nf6 8. Qe1
O-O 9. Bd2 Bd7 10. Kh1 a6 11. Rb1 Re8 12. e5 dxe5 13. Nxe5 Nxe5 14. fxe5 Nd5
15. Qf2 Qe7 16. Ne4 Rf8 17. Bg5 f6 18. exf6 Nxf6 19. Bxf6 Bxf6 20. Nxf6+ Kg7
21. Nh5+ gxh5 22. Qg3+ Kh8 23. Qe5+ Qg7 24. Qxg7+ Kxg7 25. Bxh5 Bc6 26. Kg1
Rad8 27. Rxf8 Rxf8 28. Rf1 Rf6 29. Rxf6 Kxf6 30. Kf2 b6 31. Bf3 Bd5 32. Bxd5
exd5 33. Kf3 Kg5 34. a3 b5 35. g3 h5 36. h3 a5 37. g4 hxg4+ 38. hxg4 b4 39.
axb4 axb4 40. b3 c4 41. d4 c3 42. Kg3 Kg6 43. Kf4 Kf6 44. g5+ Ke6 45. g6 Kf6
46. g7 Kxg7 47. Ke5 Kg6 48. Kxd5 Kf5 49. Kc4 Ke4 50. d5 Ke3 51. d6 Kd2 52. d7
Kxc2 53. d8=Q Kb2 54. Qd4 Ka3 55. Qa7+ Kb2 56. Kxb4 c2 57. Qc5 Kb1 58. Ka5 Kb2
59. b4 Kb3 60. Qxc2+ 1-0

[Event "Veterans Bdr 2017"]
[Site "Aubagne"]
[Date "2017.05.18"]
[Round "6"]
[White "Pietrac, Christian"]
[Black "Betry, Bernard"]
[Result "1-0"]
[WhiteElo "1265"]
[BlackElo "1399"]
[PlyCount "25"]
[EventDate "2017.??.??"]

1. Nf3 d5 2. b3 Bf5 3. Bb2 g6 4. Bxh8 f6 5. Nd4 Bd7 6. g3 e5 7. Nf3 Bc5 8. d4
Bb6 9. dxe5 f5 10. Qxd5 Ba5+ 11. c3 c6 12. Qxg8+ Ke7 13. Bf6# 1-0

[Event "Veterans Bdr 2017"]
[Site "Aubagne"]
[Date "2017.05.18"]
[Round "6"]
[White "Kauder, Wilfried"]
[Black "Boudet, Nicole"]
[Result "1-0"]
[WhiteElo "1195"]
[BlackElo "1130"]
[PlyCount "71"]
[EventDate "2017.??.??"]

1. e4 c6 2. d4 d5 3. e5 Qb6 4. Nf3 Bf5 5. c4 Bxb1 6. Rxb1 e6 7. c5 Qc7 8. b4 a6
9. a4 Nd7 10. a5 Be7 11. Bd3 f6 12. Bf4 g5 13. Bg3 h5 14. exf6 Qd8 15. fxe7
Qxe7 16. Bd6 Qf7 17. h4 O-O-O 18. Nxg5 Qf6 19. Qe2 Re8 20. Be5 Nxe5 21. dxe5
Qf4 22. Bxa6 Nh6 23. g3 Qd4 24. Bxb7+ Kxb7 25. a6+ Ka7 26. O-O Nf5 27. Nf3 Qg4
28. Rb2 Reg8 29. b5 Nxg3 30. b6+ Ka8 31. fxg3 Qxg3+ 32. Qg2 Qh3 33. b7+ Kb8 34.
a7+ Kc7 35. b8=Q+ Rxb8 36. Qxh3 1-0

[Event "Veterans Bdr 2017"]
[Site "Aubagne"]
[Date "2017.05.18"]
[Round "6"]
[White "Lognos, Lina"]
[Black "Belaid, Myriam"]
[Result "1-0"]
[WhiteElo "1064"]
[BlackElo "1030"]
[PlyCount "75"]
[EventDate "2017.??.??"]

1. c4 e5 2. d3 Nc6 3. Nc3 Be7 4. a3 Nf6 5. g3 O-O 6. Bg2 d6 7. e4 b6 8. b4 Nd4
9. Be3 d5 10. exd5 Bb7 11. Bxd4 exd4 12. Nce2 c5 13. dxc6 Bc8 14. c7 Qxc7 15.
Bxa8 Bb7 16. Bxb7 Qxb7 17. f3 Rd8 18. Nc1 Rd6 19. Nb3 b5 20. c5 Re6+ 21. Kd2
Qd7 22. Ne2 h5 23. Nexd4 Re5 24. Re1 Rg5 25. Qe2 Nd5 26. c6 Qd8 27. Nxb5 Rg6
28. Rac1 a6 29. c7 Qd7 30. c8=Q+ Qxc8 31. Rxc8+ Kh7 32. Nc7 Rg5 33. Nxd5 Rxd5
34. Qe4+ f5 35. Qxd5 Bg5+ 36. f4 Bf6 37. Qxf5+ g6 38. Qxf6 1-0

[Event "Veterans Bdr 2017"]
[Site "Aubagne"]
[Date "2017.06.01"]
[Round "7"]
[White "Paravagna, Alain"]
[Black "Kleitz, Michel"]
[Result "1-0"]
[WhiteElo "1864"]
[BlackElo "1766"]
[PlyCount "25"]

1. d4 Nf6 2. Nf3 e6 3. Bf4 d5 4. e3 Bd6 5. Ne5 O-O 6. Bd3 c5 7. c3 Nc6 8. Nd2
a6 9. Ndf3 Nh5 10. Bxh7+ Kh8 11. Ng5 Bxe5 12. Qxh5 Qf6 13. Bg6+ 1-0

[Event "Veterans Bdr 2017"]
[Site "Aubagne"]
[Date "2017.06.01"]
[Round "7"]
[White "Battaglia, Gerard"]
[Black "Thiers, Jean-Jacques"]
[Result "1-0"]
[WhiteElo "1736"]
[BlackElo "1670"]
[PlyCount "45"]

1. d4 d5 2. c4 e6 3. Nf3 Nf6 4. Bg5 Be7 5. Nc3 h6 6. Bh4 c6 7. e3 Nbd7 8. Qc2
O-O 9. Rc1 Re8 10. Bd3 dxc4 11. Bxc4 Nd5 12. Bg3 N7b6 13. Bb3 Bd6 14. Ne5 Qe7
15. Ne4 Bb4+ 16. Kf1 Nf6 17. a3 Nxe4 18. Qxe4 Bd6 19. Ng4 f5 20. Qxf5 Nd5 21.
Qg6 Bxg3 22. hxg3 Qf7 23. Nxh6+ 1-0

[Event "Veterans Bdr 2017"]
[Site "Aubagne"]
[Date "2017.05.11"]
[Round "7.4"]
[White "Quet, Jean-Francois"]
[Black "Amoros, Jean"]
[Result "0-1"]
[WhiteElo "1656"]
[BlackElo "1476"]
[PlyCount "134"]
[EventDate "2017.??.??"]

1. d4 g6 2. c4 Bg7 3. Nc3 c5 4. Nf3 Nc6 5. e3 cxd4 6. exd4 d6 7. Be3 Bd7 8. Be2
e6 9. O-O Nge7 10. Nb5 Nc8 11. Rb1 O-O 12. Qd2 a6 13. Nc3 N6e7 14. Rfd1 Nf5 15.
Bf4 Bc6 16. d5 Bd7 17. h3 e5 18. Bh2 f6 19. Ne4 Nh6 20. c5 Bf5 21. Qb4 Qd7 22.
Rbc1 Bxe4 23. Qxe4 f5 24. Qb4 Na7 25. Bc4 Nf7 26. cxd6 f4 27. Bb3 Nb5 28. Ba4
Nfxd6 29. Ng5 Bh6 30. Ne6 f3 31. Nxf8 Rxf8 32. Rc3 fxg2 33. Bxe5 Qf5 34. Bd4
Ne4 35. Bc2 Nbxc3 36. Qxc3 Nxc3 37. Bxf5 Nxd1 38. Be6+ Rf7 39. d6 Bg5 40. d7
Bd8 41. Kxg2 Kf8 42. Bc5+ Re7 43. Ba3 Kg7 44. Bxe7 Bxe7 45. b3 Nc3 46. b4 Kf6
47. Bb3 Ke5 48. Bg8 h6 49. Bf7 g5 50. Kf3 Kd6 51. Be8 Nxa2 52. Kg4 Nxb4 53. Kh5
a5 54. Kxh6 a4 55. d8=Q+ Bxd8 56. Bxa4 Nd3 57. f3 Ne5 58. Bd1 Kd5 59. Kh5 Ke6
60. h4 gxh4 61. f4 Nc6 62. Kg4 b5 63. Bf3 Nb4 64. Bg2 Nd3 65. Bc6 b4 66. Kf3 b3
67. Ba4 b2 0-1